[Event "Budapest FS08 GM"]
[Site "Budapest"]
[Date "2021.08.09"]
[Round "3"]
[White "Koelle, Tobias"]
[Black "Kumar, Nikhil"]
[Result "0-1"]
[WhiteElo "2312"]
[BlackElo "2284"]
[PlyCount "94"]
[EventDate "2021.08.07"]
[EventType "tourn"]
[EventRounds "9"]
[EventCountry "HUN"]
[EventCategory "6"]
[SourceTitle "EXT 2022"]
[Source "ChessBase"]
[SourceDate "2021.10.06"]
[SourceVersion "1"]
[SourceVersionDate "2021.10.06"]
[SourceQuality "1"]

1. d4 Nf6 2. c4 e6 3. Nc3 Bb4 4. e3 0-0 5. Bd2 b6 6. b3 Bb7 7. Nf3 d5 8. cxd5 exd5 9. Bd3 Nbd7 10. 0-0 Re8 11. a3 Bd6 12. b4 c6 13. Qc2 Qe7 14. Bc1 Ne4 15. Bb2 Ndf6 16. Ne2 h6 17. Ng3 Qe6 18. Nd2 a5 19. Ndxe4 dxe4 20. Bc4 Qd7 21. Bc3 b5 22. Ba2 a4 23. Bb2 Rad8 24. Rad1 Qg4 25. d5 cxd5 26. Bxf6 gxf6 27. f3 Qe6 28. Nxe4 Qf5 29. g4 Qg6 30. Bxd5 Bxd5 31. Rxd5 Bxh2+ 32. Kxh2 Rxd5 33. Qc6 Red8 34. Kh3 Kg7 35. Ng3 Kh7 36. e4 Rd3 37. Qxb5 Rxa3 38. Nh5 Rdd3 39. Kg3 Qg5 40. Qc6 Qe5+ 41. Nf4 Rd2 42. Qc8 Raa2 43. Rg1 Kg7 44. b5 Rac2 45. Qa8 h5 46. Kh3 Rh2+ 47. Kg3 h4# 0-1

[Event "Charlotte CCCSA Winter"]
[Site "Charlotte"]
[Date "2021.02.14"]
[Round "3"]
[White "Park, Evan"]
[Black "Kumar, Nikhil"]
[Result "1-0"]
[WhiteElo "2207"]
[BlackElo "2322"]
[PlyCount "77"]
[EventDate "2021.02.13"]
[EventType "swiss"]
[EventRounds "6"]
[EventCountry "USA"]
[SourceTitle "CBM 200 Extra"]
[Source "ChessBase"]
[SourceDate "2021.03.31"]
[SourceVersion "1"]
[SourceVersionDate "2021.03.31"]
[SourceQuality "1"]

1. c4 c5 2. g3 g6 3. Bg2 Bg7 4. Nc3 Nc6 5. d3 d6 6. Nf3 e5 7. Nd2 Nge7 8. Nf1 Be6 9. Ne3 Qd7 10. Ned5 0-0 11. h4 h5 12. Bd2 Rab8 13. a3 a6 14. b4 b5 15. Nxe7+ Nxe7 16. Nd5 Bxd5 17. cxd5 e4 18. dxe4 Bxa1 19. Qxa1 f5 20. e5 Nc8 21. bxc5 dxc5 22. e6 Qe7 23. Bg5 Qg7 24. Qxg7+ Kxg7 25. Bf4 Rb6 26. Be3 Rd8 27. Bxc5 Rbd6 28. Bxd6 Nxd6 29. Kd2 Nc4+ 30. Kd3 Kf6 31. Rc1 Rc8 32. Kd4 g5 33. hxg5+ Kxg5 34. Bf3 Rh8 35. Rxc4 bxc4 36. d6 Kf6 37. e7 c3 38. Kxc3 Rc8+ 39. Kd4 1-0

[Event "Charlotte CCCSA Winter"]
[Site "Charlotte"]
[Date "2021.02.13"]
[Round "2"]
[White "Kumar, Nikhil"]
[Black "Yanayt, Eugene"]
[Result "1/2-1/2"]
[WhiteElo "2322"]
[BlackElo "2100"]
[PlyCount "121"]
[EventDate "2021.02.13"]
[EventType "swiss"]
[EventRounds "6"]
[EventCountry "USA"]
[SourceTitle "CBM 200 Extra"]
[Source "ChessBase"]
[SourceDate "2021.03.31"]
[SourceVersion "1"]
[SourceVersionDate "2021.03.31"]
[SourceQuality "1"]

1. d4 Nf6 2. c4 g6 3. Nc3 Bg7 4. e4 d6 5. Nf3 0-0 6. Be2 e5 7. d5 a5 8. Bg5 h6 9. Be3 Ng4 10. Bc1 f5 11. exf5 gxf5 12. g3 Na6 13. Nh4 Nc5 14. f3 Nf6 15. Be3 b6 16. Qd2 Kh7 17. 0-0-0 a4 18. Qc2 Nh5 19. f4 Nxf4 20. Bg4 Qg5 21. Bf3 Qf6 22. a3 Ng6 23. Ng2 e4 24. Be2 Ne5 25. Nf4 Ncd3+ 26. Nxd3 Nxc4 27. Nxe4 fxe4 28. Qxc4 exd3 29. Bxd3+ Kh8 30. Qc2 Bh3 31. Bd2 Bg2 32. Rhe1 Bxd5 33. Bc3 Qg5+ 34. Rd2 Bb3 35. Bxg7+ Qxg7 36. Qc3 Rae8 37. Rde2 Rxe2 38. Qxg7+ Kxg7 39. Rxe2 c6 40. Kd2 c5 41. g4 d5 42. Bf5 d4 43. h4 Rf7 44. Kd3 h5 45. Rg2 Kf6 46. Ke4 hxg4 47. Bxg4 Re7+ 48. Kf4 Bd5 49. Rf2 c4 50. h5 c3 51. bxc3 dxc3 52. Bf5 Bb3 53. h6 Bg8 54. Rc2 Rc7 55. Bd3 Bh7 56. Bxh7 Rxh7 57. Rxc3 Rxh6 58. Rc6+ Kg7 59. Rxh6 Kxh6 60. Ke5 b5 61. Kd4 1/2-1/2

[Event "Charlotte CCCSA Thanksgiving IM"]
[Site "Charlotte"]
[Date "2020.11.29"]
[Round "8"]
[White "Shlyakhtenko, Robert"]
[Black "Kumar, Nikhil"]
[Result "1/2-1/2"]
[WhiteElo "2370"]
[BlackElo "2328"]
[PlyCount "71"]
[EventDate "2020.11.25"]
[EventType "tourn"]
[EventRounds "9"]
[EventCountry "USA"]
[EventCategory "2"]
[SourceTitle "CBM 199 Extra"]
[Source "ChessBase"]
[SourceDate "2021.01.31"]
[SourceVersion "1"]
[SourceVersionDate "2021.01.31"]
[SourceQuality "1"]

1. d4 Nf6 2. c4 e6 3. Nc3 Bb4 4. f3 d5 5. a3 Be7 6. e4 dxe4 7. fxe4 c5 8. d5 exd5 9. exd5 0-0 10. Be2 Re8 11. Nf3 Bf5 12. 0-0 Bg6 13. Ne5 Bd6 14. Nxg6 hxg6 15. Bf4 Ne4 16. Rc1 Bxf4 17. Rxf4 Nd6 18. Qf1 Nd7 19. Qf2 Qe7 20. Rf1 Qe3 21. h4 Qxf2+ 22. Kxf2 Ne5 23. Re1 b6 24. g4 Rad8 25. b3 Nd7 26. Bd3 Re5 27. Ne4 Nxe4+ 28. Rexe4 f6 29. Re3 Rxe3 30. Kxe3 Ne5 31. Be2 Kf7 32. Rf1 Rh8 33. h5 gxh5 34. gxh5 g6 35. hxg6+ Kxg6 36. Rg1+ 1/2-1/2

[Event "Charlotte CCCSA Thanksgiving IM"]
[Site "Charlotte"]
[Date "2020.11.26"]
[Round "2"]
[White "Kumar, Nikhil"]
[Black "Posthuma, Joshua G"]
[Result "1-0"]
[WhiteElo "2328"]
[BlackElo "2339"]
[PlyCount "101"]
[EventDate "2020.11.25"]
[EventType "tourn"]
[EventRounds "9"]
[EventCountry "USA"]
[EventCategory "2"]
[SourceTitle "CBM 199 Extra"]
[Source "ChessBase"]
[SourceDate "2021.01.31"]
[SourceVersion "1"]
[SourceVersionDate "2021.01.31"]
[SourceQuality "1"]

1. d4 Nf6 2. Nf3 b6 3. e3 Bb7 4. Bd3 g6 5. c4 Bg7 6. Nc3 d5 7. 0-0 0-0 8. Qe2 dxc4 9. Bxc4 Ne4 10. Rd1 e6 11. Nxe4 Bxe4 12. Bd2 Qe7 13. Rac1 c5 14. Ne5 Rd8 15. Bc3 cxd4 16. Rxd4 Rxd4 17. exd4 Bd5 18. Bxd5 exd5 19. Qb5 Qe6 20. Re1 a6 21. Qb3 Nc6 22. Nf3 Qd7 23. Qxb6 a5 24. h3 a4 25. Qb5 h6 26. Qd3 Qb7 27. Ne5 Bxe5 28. dxe5 d4 29. Bd2 Qxb2 30. Bxh6 Qxa2 31. Bg5 Qe6 32. Bf6 a3 33. Qe4 a2 34. Qh4 Qxf6 35. exf6 a1Q 36. Rxa1 Rxa1+ 37. Kh2 Nd8 38. Qxd4 Ra8 39. Qd5 Rc8 40. f4 Ne6 41. f5 gxf5 42. Qxf5 Rc5 43. Qg4+ Rg5 44. Qf3 Kh7 45. h4 Rc5 46. Qe4+ Kh6 47. g4 Rc3 48. g5+ Kh5 49. g6 Rc5 50. g7 Rc8 51. g8Q 1-0

[Event "PNWCC Online Masters WOO"]
[Site "Chess.com INT"]
[Date "2020.07.06"]
[Round "7"]
[White "Kumar, Nikhil"]
[Black "Kobalia, Mihail"]
[Result "1/2-1/2"]
[WhiteElo "2328"]
[BlackElo "2614"]
[PlyCount "101"]
[EventDate "2020.07.04"]
[EventType "swiss (rapid)"]
[EventRounds "9"]
[EventCountry "USA"]
[SourceTitle "CBM 197 Extra"]
[Source "ChessBase"]
[SourceDate "2020.09.30"]
[SourceVersion "1"]
[SourceVersionDate "2020.09.30"]
[SourceQuality "1"]

1. c4 Nf6 2. Nc3 g6 3. e4 d6 4. d4 Bg7 5. Nf3 0-0 6. Be2 e5 7. 0-0 Nc6 8. d5 Ne7 9. b4 a5 10. bxa5 Rxa5 11. a4 c5 12. Bd2 Ra6 13. Ra3 Ne8 14. Qc1 f5 15. exf5 gxf5 16. Re1 Ng6 17. Bf1 Nf6 18. Ng5 Re8 19. Nb5 Re7 20. g3 e4 21. f3 Ne5 22. fxe4 fxe4 23. Nxe4 Nxe4 24. Rxe4 Nf3+ 25. Rxf3 Rxe4 26. Bd3 Re5 27. Qc2 Rh5 28. Bc3 Qe7 29. Qf2 Rxa4 30. Re3 Be5 31. Qf3 Rg5 32. Nxd6 Qxd6 33. Qe4 Qh6 34. Bxe5 Bf5 35. Qf4 Bxd3 36. h4 Rxc4 37. Qxg5+ Qxg5 38. hxg5 Bf5 39. Rb3 Bc8 40. d6 Rc1+ 41. Kf2 Rd1 42. Bf4 Kf7 43. Rb2 Rd5 44. Ke3 Ke6 45. g4 c4 46. Ke4 c3 47. Rc2 Rc5 48. Kd4 Rd5+ 49. Ke4 Rc5 50. Kd4 Rd5+ 51. Ke4 1/2-1/2

[Event "PNWCC Online Masters WOO"]
[Site "Chess.com INT"]
[Date "2020.07.06"]
[Round "8"]
[White "Melkumyan, Hrant"]
[Black "Kumar, Nikhil"]
[Result "1-0"]
[WhiteElo "2663"]
[BlackElo "2328"]
[PlyCount "99"]
[EventDate "2020.07.04"]
[EventType "swiss (rapid)"]
[EventRounds "9"]
[EventCountry "USA"]
[SourceTitle "CBM 197 Extra"]
[Source "ChessBase"]
[SourceDate "2020.09.30"]
[SourceVersion "1"]
[SourceVersionDate "2020.09.30"]
[SourceQuality "1"]

1. e4 e5 2. Nf3 Nc6 3. Bb5 Nf6 4. 0-0 Nxe4 5. d4 Nd6 6. Bxc6 dxc6 7. dxe5 Nf5 8. Qxd8+ Kxd8 9. Rd1+ Ke8 10. Nc3 Be6 11. Ng5 Be7 12. Nxe6 fxe6 13. Ne4 Rd8 14. Rxd8+ Kxd8 15. Bg5 Bxg5 16. Rd1+ Ke7 17. Nxg5 h6 18. Ne4 b6 19. Kf1 Rd8 20. Rxd8 Kxd8 21. Ke2 c5 22. f4 Nd4+ 23. Kd3 Nc6 24. c3 Ke7 25. g4 g5 26. Ke3 gxf4+ 27. Kxf4 Kf7 28. h4 Ne7 29. h5 Nd5+ 30. Kf3 Kg7 31. Nf2 Kf7 32. Nh3 Ne7 33. g5 Nf5 34. gxh6 Nxh6 35. Ng5+ Ke7 36. Kf4 a6 37. Ne4 Nf7 38. Nf6 Kf8 39. c4 Nh6 40. Nh7+ Kf7 41. Ng5+ Ke7 42. b3 a5 43. Ne4 Nf7 44. a3 Kd7 45. Nf6+ Ke7 46. Ng4 c6 47. a4 Kf8 48. Nf6 Ke7 49. Ne4 Kd7 50. Nd6 1-0

[Event "PNWCC Online Masters WOO"]
[Site "Chess.com INT"]
[Date "2020.07.04"]
[Round "3.9"]
[White "Kumar, Nikhil"]
[Black "Liang, Awonder"]
[Result "0-1"]
[WhiteElo "2328"]
[BlackElo "2592"]
[PlyCount "84"]
[EventDate "2020.07.04"]
[EventType "swiss (rapid)"]
[EventRounds "9"]
[EventCountry "USA"]
[SourceTitle "CBM 197 Extra"]
[Source "ChessBase"]
[SourceDate "2020.09.30"]
[SourceVersion "1"]
[SourceVersionDate "2020.09.30"]
[SourceQuality "1"]

1. d4 Nf6 2. c4 e6 3. Nc3 Bb4 4. e3 0-0 5. Bd3 c5 6. Nf3 b6 7. 0-0 Bb7 8. Qe2 Bxc3 9. bxc3 Be4 10. Re1 d6 11. Nd2 Bxd3 12. Qxd3 Nc6 13. e4 Qc8 14. Nf1 Re8 15. f4 cxd4 16. cxd4 Qa6 17. e5 dxe5 18. fxe5 Nd5 19. Bd2 Rad8 20. Ng3 Nde7 21. Re4 Rd7 22. Be3 Ng6 23. Qc2 Red8 24. Qc3 Qa5 25. Qxa5 Nxa5 26. Rc1 Rc8 27. c5 bxc5 28. Bd2 Nb7 29. Kf1 Ne7 30. Rc4 h6 31. Ke2 Rcd8 32. Be3 cxd4 33. Rcxd4 Nd5 34. Rc4 f5 35. Red4 f4 36. Bxf4 Na5 37. Rc5 Nc3+ 38. Rxc3 Rxd4 39. Be3 Ra4 40. Bxa7 Nc4 41. Rc2 Nxe5 42. Be3 Rda8 0-1

[Event "Gelfand Camp Blitz"]
[Site "Chess.com INT"]
[Date "2020.07.01"]
[Round "6"]
[White "Arribas Lopez, Angel"]
[Black "Kumar, Nikhil"]
[Result "0-1"]
[WhiteElo "2434"]
[BlackElo "2328"]
[PlyCount "56"]
[EventDate "2020.07.01"]
[EventType "tourn (blitz)"]
[EventRounds "13"]
[EventCountry "USA"]
[EventCategory "7"]
[SourceTitle "CBM 197 Extra"]
[Source "ChessBase"]
[SourceDate "2020.09.30"]
[SourceVersion "1"]
[SourceVersionDate "2020.09.30"]
[SourceQuality "1"]

1. e4 e5 2. f4 d5 3. exd5 exf4 4. Nf3 Nf6 5. Bc4 Bd6 6. 0-0 0-0 7. d4 Nbd7 8. Bb3 a5 9. c4 b6 10. Nc3 Re8 11. Nb5 Nh5 12. Nxd6 cxd6 13. Ba4 Qf6 14. Re1 Rxe1+ 15. Qxe1 g5 16. Bc6 Rb8 17. h3 Nf8 18. Bd2 Ng6 19. Qe8+ Kg7 20. Re1 Qf5 21. c5 Qc2 22. cxd6 Bg4 23. Qxb8 Bxf3 24. gxf3 Qxd2 25. Qe8 Ng3 26. d7 Nh4 27. Qe5+ Kg6 28. Qd6+ Kh5 0-1

[Event "Gelfand Camp Blitz"]
[Site "Chess.com INT"]
[Date "2020.07.01"]
[Round "2"]
[White "Kumar, Nikhil"]
[Black "Easton, Jack R"]
[Result "1-0"]
[WhiteElo "2328"]
[BlackElo "2175"]
[PlyCount "63"]
[EventDate "2020.07.01"]
[EventType "tourn (blitz)"]
[EventRounds "13"]
[EventCountry "USA"]
[EventCategory "7"]
[SourceTitle "CBM 197 Extra"]
[Source "ChessBase"]
[SourceDate "2020.09.30"]
[SourceVersion "1"]
[SourceVersionDate "2020.09.30"]
[SourceQuality "1"]

1. d4 Nf6 2. c4 e5 3. dxe5 Ng4 4. e3 Nxe5 5. Nc3 Nbc6 6. Nf3 Bc5 7. Qd5 d6 8. Nxe5 Nxe5 9. Be2 0-0 10. 0-0 Be6 11. Qxb7 Bxc4 12. Bxc4 Nxc4 13. Qd5 Ne5 14. Bd2 Rb8 15. b3 Re8 16. Na4 Bb4 17. Bxb4 Rxb4 18. Rfd1 Rg4 19. h3 Rg6 20. Nc3 Qf6 21. Ne4 Qf5 22. Ng3 Qd7 23. Qa5 h5 24. h4 Qg4 25. Rd4 Qd7 26. Qxa7 Nc6 27. Qa4 d5 28. Rc1 Ree6 29. Rdd1 Qd8 30. e4 Qf8 31. exd5 Ne5 32. dxe6 1-0

[Event "Gelfand Camp Blitz"]
[Site "Chess.com INT"]
[Date "2020.07.01"]
[Round "13"]
[White "Ruiz Castillo, Joshua Daniel"]
[Black "Kumar, Nikhil"]
[Result "0-1"]
[WhiteElo "2498"]
[BlackElo "2328"]
[PlyCount "134"]
[EventDate "2020.07.01"]
[EventType "tourn (blitz)"]
[EventRounds "13"]
[EventCountry "USA"]
[EventCategory "7"]
[SourceTitle "CBM 197 Extra"]
[Source "ChessBase"]
[SourceDate "2020.09.30"]
[SourceVersion "1"]
[SourceVersionDate "2020.09.30"]
[SourceQuality "1"]

1. Nf3 d5 2. g3 g6 3. Bg2 Bg7 4. c4 c6 5. cxd5 cxd5 6. d4 Nf6 7. 0-0 0-0 8. Nc3 Bf5 9. Ne5 Ne4 10. Nxe4 Bxe4 11. f3 Bf5 12. e4 dxe4 13. fxe4 Bxe5 14. dxe5 Qxd1 15. Rxd1 Be6 16. Bg5 Re8 17. a3 Nc6 18. Bf4 Rac8 19. Rac1 a6 20. Kf2 b5 21. Bf1 Na5 22. Bd2 Rxc1 23. Rxc1 Nb3 24. Rc2 Nxd2 25. Rxd2 Rc8 26. Ke3 Kg7 27. h4 h6 28. Bd3 g5 29. hxg5 hxg5 30. Rc2 Rh8 31. Rc6 Rh3 32. Kf3 Rh2 33. b4 g4+ 34. Ke3 Rg2 35. Rxa6 Rxg3+ 36. Kd4 Rf3 37. Bxb5 g3 38. Rc6 g2 39. Rc1 Rxa3 40. Rg1 Bh3 41. Bc4 Rf3 42. b5 Rf2 43. Kc3 Bc8 44. b6 Kh6 45. Bd5 Kg5 46. b7 Bxb7 47. Bxb7 Kf4 48. Bd5 e6 49. Bc6 Kg3 50. Bb5 Kh2 51. Ra1 g1Q 52. Rxg1 Kxg1 53. Kd4 Rf3 54. Be8 Kf2 55. Kc5 Ke3 56. Bc6 Kf4 57. Kd6 Rd3+ 58. Ke7 Kxe5 59. Kxf7 Rd4 60. Ke7 Rc4 61. Bd7 Rc7 62. Kd8 Ra7 63. Ke7 Rb7 64. Kd8 Kd6 65. Bc8 Rb8 66. e5+ Kc6 67. Ke7 Rxc8 0-1

[Event "PNWCC Online Masters"]
[Site "Chess.com INT"]
[Date "2020.05.25"]
[Round "7.8"]
[White "Tang, Andrew"]
[Black "Kumar, Nikhil"]
[Result "1/2-1/2"]
[WhiteElo "2538"]
[BlackElo "2328"]
[PlyCount "162"]
[EventDate "2020.05.23"]
[EventType "swiss (rapid)"]
[EventRounds "9"]
[EventCountry "USA"]
[SourceTitle "CBM 196 Extra"]
[Source "ChessBase"]
[SourceDate "2020.07.31"]
[SourceVersion "1"]
[SourceVersionDate "2020.07.31"]
[SourceQuality "1"]

1. d4 Nf6 2. c4 e6 3. Nc3 d5 4. cxd5 Nxd5 5. e4 Nxc3 6. bxc3 c5 7. Nf3 cxd4 8. cxd4 Bb4+ 9. Bd2 Bxd2+ 10. Qxd2 0-0 11. Rc1 Nd7 12. Bd3 b6 13. 0-0 Bb7 14. Qf4 Rc8 15. h4 Rxc1 16. Rxc1 Qb8 17. Qxb8 Rxb8 18. Rc7 Nf6 19. Ng5 h6 20. Nxf7 Bxe4 21. Bxe4 Nxe4 22. Rxa7 Rc8 23. f3 Nc3 24. Ne5 Ne2+ 25. Kf2 Nxd4 26. Ng6 Nc6 27. Rb7 Ra8 28. h5 Rxa2+ 29. Kg3 Ra8 30. Rxb6 Nd4 31. Kf4 Ne2+ 32. Kg4 Re8 33. Rd6 e5 34. Rd2 Nf4 35. Nh4 Ne6 36. Nf5 Nd4 37. Nh4 Ne6 38. Re2 Nf4 39. Ra2 Kh7 40. Nf5 Nxh5 41. Kxh5 g6+ 42. Kg4 h5+ 43. Kg5 gxf5 44. Ra7+ Kh8 45. Kxf5 Rg8 46. Ra2 Kh7 47. Kxe5 h4 48. Kf5 Kh6 49. f4 Kh5 50. Ra7 Kh6 51. Ra2 Kh5 52. Rf2 Rf8+ 53. Ke6 Re8+ 54. Kf7 Ra8 55. f5 Ra7+ 56. Ke6 Ra6+ 57. Ke5 Ra5+ 58. Kd4 Ra4+ 59. Kc5 Ra5+ 60. Kb6 Ra8 61. Kc6 Ra6+ 62. Kd5 Ra5+ 63. Ke4 Ra4+ 64. Kd3 Ra3+ 65. Kc4 Ra4+ 66. Kb5 Ra8 67. f6 Kg6 68. Kc5 Rf8 69. Rf4 Rxf6 70. Rxh4 Kg5 71. Rh8 Kg4 72. Rg8+ Kf4 73. g3+ Kf3 74. Kd5 Rf5+ 75. Ke6 Ra5 76. g4 Ra6+ 77. Kd5 Ra5+ 78. Kc6 Kf4 79. Kb6 Rg5 80. Rxg5 Kxg5 81. Ka7 Kxg4 1/2-1/2

[Event "Budapest FS10 IM"]
[Site "Budapest"]
[Date "2019.10.14"]
[Round "8"]
[White "Kumar, Nikhil"]
[Black "Nguyen, Van Thanh"]
[Result "1/2-1/2"]
[WhiteElo "2297"]
[BlackElo "2380"]
[PlyCount "38"]
[EventDate "2019.10.05"]
[EventType "tourn"]
[EventRounds "9"]
[EventCountry "HUN"]
[SourceTitle "CBM 192 Extra"]
[Source "Chessbase"]
[SourceDate "2019.11.06"]
[SourceVersion "1"]
[SourceVersionDate "2019.11.06"]
[SourceQuality "1"]

1. d4 d5 2. c4 c6 3. Nc3 Nf6 4. e3 g6 5. Nf3 Bg7 6. Bd3 0-0 7. 0-0 Bg4 8. h3 Bxf3 9. Qxf3 e6 10. b3 Nbd7 11. Bb2 Re8 12. Rad1 Qe7 13. Qe2 a6 14. Rfe1 Rad8 15. Qc2 Rc8 16. Rc1 Rcd8 17. Rcd1 Rc8 18. Qc1 Qd8 19. Qc2 Qe7 1/2-1/2

[Event "Budapest FS10 IM"]
[Site "Budapest"]
[Date "2019.10.09"]
[Round "5"]
[White "Farkas, Tibor"]
[Black "Kumar, Nikhil"]
[Result "0-1"]
[WhiteElo "2297"]
[BlackElo "2297"]
[PlyCount "54"]
[EventDate "2019.10.05"]
[EventType "tourn"]
[EventRounds "9"]
[EventCountry "HUN"]
[SourceTitle "CBM 192 Extra"]
[Source "Chessbase"]
[SourceDate "2019.11.06"]
[SourceVersion "1"]
[SourceVersionDate "2019.11.06"]
[SourceQuality "1"]

1. e4 c6 2. d4 d5 3. e5 c5 4. c3 Nc6 5. Ne2 Bg4 6. f3 Bf5 7. dxc5 Nxe5 8. Nd4 Bd7 9. b4 Nf6 10. Bf4 Ng6 11. Be3 e5 12. Nb3 Be7 13. Be2 0-0 14. 0-0 Qc8 15. N1d2 Nh5 16. g3 Bh3 17. Rf2 f5 18. f4 exf4 19. gxf4 Bg4 20. Nd4 Bh4 21. Rf1 Qe8 22. Bf2 Bxf2+ 23. Rxf2 Nhxf4 24. Bxg4 fxg4 25. Qxg4 Qe3 26. N2f3 Ne5 27. Qg3 Nxf3+ 0-1

[Event "Southwest op 85th"]
[Site "Irving"]
[Date "2019.09.02"]
[Round "8"]
[White "Kambrath, Yannick"]
[Black "Kumar, Nikhil"]
[Result "1/2-1/2"]
[WhiteElo "2344"]
[BlackElo "2272"]
[PlyCount "120"]
[EventDate "2019.08.29"]
[EventType "swiss"]
[EventRounds "9"]
[EventCountry "USA"]
[SourceTitle "EXT 2020"]
[Source "ChessBase"]
[SourceDate "2019.10.17"]
[SourceVersion "1"]
[SourceVersionDate "2019.10.17"]
[SourceQuality "1"]

1. c4 e6 2. Nf3 d5 3. b3 Nf6 4. Bb2 Be7 5. g3 0-0 6. Bg2 c5 7. 0-0 d4 8. e3 Nc6 9. exd4 cxd4 10. Re1 Bc5 11. Ne5 Nxe5 12. Rxe5 Qc7 13. Rxc5 Qxc5 14. Ba3 Qc7 15. Bxf8 Kxf8 16. d3 e5 17. Nd2 Bf5 18. Qf3 Bc8 19. h3 Rb8 20. Ne4 Nxe4 21. Qxe4 g6 22. Re1 f6 23. f4 Bf5 24. Qf3 exf4 25. g4 Bd7 26. Qd5 Re8 27. Rxe8+ Bxe8 28. Qxd4 Qe7 29. Qxf4 Bc6 30. d4 Bxg2 31. Kxg2 Qe2+ 32. Kg3 Qd3+ 33. Kf2 Qc2+ 34. Ke3 Kg7 35. Qc7+ Kh6 36. Qf4+ Kg7 37. h4 Qc1+ 38. Kf3 Qf1+ 39. Ke4 Qh1+ 40. Kd3 Qb1+ 41. Kc3 Qxa2 42. Qc7+ Kh6 43. Qf4+ Kg7 44. Qc7+ Kh6 45. Qxb7 Qa1+ 46. Kb4 Qxd4 47. Kb5 Qxg4 48. Qxa7 f5 49. c5 Qe2+ 50. Kb6 Qe6+ 51. c6 Qxb3+ 52. Ka6 Qc4+ 53. Kb7 Qe4 54. Qc5 f4 55. Kb8 Qb1+ 56. Kc7 Qf5 57. Qf2 Qf7+ 58. Kd6 Qf6+ 59. Kd7 Qf7+ 60. Kd6 Qf6+ 1/2-1/2

[Event "Southwest op 85th"]
[Site "Irving"]
[Date "2019.09.02"]
[Round "9"]
[White "Kumar, Nikhil"]
[Black "Mishra, Abhimanyu"]
[Result "1/2-1/2"]
[WhiteElo "2272"]
[BlackElo "2304"]
[PlyCount "101"]
[EventDate "2019.08.29"]
[EventType "swiss"]
[EventRounds "9"]
[EventCountry "USA"]
[SourceTitle "EXT 2020"]
[Source "ChessBase"]
[SourceDate "2019.10.17"]
[SourceVersion "1"]
[SourceVersionDate "2019.10.17"]
[SourceQuality "1"]

1. d4 Nf6 2. c4 g6 3. Nc3 d5 4. Bf4 Bg7 5. e3 c6 6. Rc1 0-0 7. Nf3 Be6 8. Ng5 Bf5 9. Be2 Qb6 10. Qd2 h6 11. c5 Qd8 12. Nf3 Nbd7 13. h3 Ne4 14. Qd1 Re8 15. 0-0 Nxc3 16. Rxc3 e5 17. Nxe5 Nxe5 18. Bxe5 Bxe5 19. dxe5 Rxe5 20. Qd2 Qe7 21. Rd1 Re8 22. b4 Qh4 23. f4 Re4 24. Rd3 Rc4 25. Bf1 Bxd3 26. Bxd3 Rce4 27. Bxe4 Rxe4 28. a3 Qf6 29. Qd3 Rc4 30. Qe2 Rc3 31. Qb2 Qg7 32. Kf2 Rc4 33. Qxg7+ Kxg7 34. Ke2 Kf6 35. g4 g5 36. Rd4 Rc3 37. Rd3 Rc2+ 38. Rd2 Rc1 39. Rd1 Rxd1 40. Kxd1 gxf4 41. exf4 Kg6 42. Ke2 f5 43. Ke3 fxg4 44. hxg4 h5 45. gxh5+ Kxh5 46. Kd4 Kg6 47. Ke5 Kg7 48. Kf5 Kf7 49. Ke5 Ke7 50. Kf5 Kf7 51. Ke5 1/2-1/2